000 00536nam a2200193Ia 4500
005 20250425161740.0
008 250425s9999 xx 000 0 und d
041 _aspa
082 _a378.8
245 0 _aIV SEMINARIO INTERNACIONAL 1999 : LAS NUEVAS TECNOLOGIAS EN LA EDUCACION SUPERIOR
250 _a1A ED.
260 _aChile
_bMINISTERIO DE EDUCACION
_c1999
260 _aSANTIAGO DE CHILE
500 _aes una carpeta
650 _aEDUCACION SUPERIOR
650 _aTECNOLOGIA Y DESARROLLO
942 _c01
010 _a27454
999 _c215340
_d215340